Techničeskaja baza interfejsov lokaľnych vyčisliteľnych setej /
Guardado en:
| Autores principales: | , |
|---|---|
| Formato: | Libro |
| Lenguaje: | ruso |
| Publicado: |
Moskva :
Radio i svjaz,
1989
|
| Materias: | |
| Etiquetas: |
Sin Etiquetas, Sea el primero en etiquetar este registro!
|
MARC
| LEADER | 00000nam a22000003a 4500 | ||
|---|---|---|---|
| 001 | stu40290 | ||
| 005 | 20150617225721.2 | ||
| 008 | 930419s1989----xxr-----------------rus-d | ||
| 040 | |a STU |b slo | ||
| 041 | 0 | |a rus | |
| 044 | |a xxr | ||
| 080 | |a 681.32 | ||
| 100 | 1 | |a Ovčinnikov, Valerij V |4 aut | |
| 245 | 1 | |a Techničeskaja baza interfejsov lokaľnych vyčisliteľnych setej / |c [aut.]Valerij V. Ovčinnikov, Igor I. Rybkin | |
| 260 | |a Moskva : |b Radio i svjaz, |c 1989 | ||
| 300 | |a 270 s | ||
| 650 | 7 | |a Systémy číslicové |2 stusub | |
| 700 | 1 | |a Rybkin, Igor I |4 aut | |
| 996 | |b 284M062336 |c M*6888-1 |l MMKN |s A |a 24 |w stu40290_0001 | ||